000 00318nam a22001457a 4500
008 221109b ||||| |||| 00| 0 eng d
020 _a9780822559894
041 _aeng
080 _a159.9
082 _a159.9 ALL
100 _a25
101 _aPSI
245 _aLIVING WITH THE SENECAS
_cALLER S
942 _2udc
_cBK
999 _c58827
_d58827